1744 1386 1875 1216 1379 1512 1909 1657 1405 1972 1591 1001 1124 1549 1501 1912 1088 1132 1735 1154 1303 1654 1496 1009 1462 1685 1240 1495 1154 1841 1461 1899 1050 1512 1381 1900 1333 1896 1865 1729 1886 1379 1100 1490 1918 1910 1084 1928 1840 1921 1104 1905 1373 1265 1706 1564 1409 1719 1817 1765 1540 1112 1482 1759 1478 1543 1499 1019 1249 1109 1280 1547 1617 1198 1474 1167 1637 1638 1318 1442 1075 1379 1433 1446 1684 1637 1228 1653 1449 1278 1814 1938 1725 1570 1972 1839 1997 1621 1617 BCNSPRNW ULIB Ver.6.0+V

เปลี่ยนเป็นภาษาไทย

Change to English
 แสดงรายละเอียดบรรณานุกรม
  กลับหน้าหลัก

Brief Record : Get Marc (ISO 2709) : E-mail record : QR code < ปิดหน้าต่าง
LEADER : 00000nam 2200000 a 4500
001    13399122472
003     ULIB
008    130620s2556 th a 000 0 tha d
020    ^a9786169165408
060  4 WL704^bน927
110 1  สมาคมการศึกษาเรื่องความปวดแห่งประเทศไทย
245 00 ^aแนวทางเวชปฏิบัติความปวดจากมะเร็ง =^bClinical practice guideline for cancer pain / ^cสมาคมการศึกษาเรื่องความปวดแห่งประเทศไทย
246 31 ^aClinical practice guideline for cancer pain
250    ^aพิมพ์ครั้งที่ 1
260    ^aกรุงเทพฯ :^bสมาคม,^c2556
300    ^a64 หน้า :^bภาพประกอบ ;^c30 ซม.
650  4 ^aความปวด^xการรักษา
650  4 ^aมะเร็ง^xการรักษา
650  4 Cancer pain
710 2  ^aสมาคมการศึกษาเรื่องความปวดแห่งประเทศไทย
945    ^p0^l0^i033707
945    ^p0^l0^i033708
999    ^aเกษร โพธิ์สุวรรณ
รายการนี้ยังไม่มีแท็ก
คุณยังไม่ได้ล็อกอิน คุณสามารถมีกิจกรรมร่วมกับเว็บไซต์ได้ แต่ต้องล็อกอินก่อน ::
  ล็อกอิน

รายการสื่อสารสนเทศ

ลำดับที่ ประเภท เลขเรียก/บาร์โค้ด สถานที่ สถานะ
1. วิทยาศาสตร์การแพทย์ และสุขภาพ
หนังสือสำรอง
สถานะ=หนังสือสำรอง
WL704 น927 ฉ.1 
  Barcode: 033707
ห้องสมุดวิทยาเขตสวรรค์ประชารักษ์
►ส่วนจัดเก็บหนังสือเก่า สปร
บนชั้น
  ขอยืม
2. วิทยาศาสตร์การแพทย์ และสุขภาพ
วิทยาศาสตร์การแพทย์ และสุขภาพ
WL704 น927 ฉ.2 
  Barcode: 033708
ห้องสมุดวิทยาเขตสวรรค์ประชารักษ์
►ส่วนจัดเก็บหนังสือเก่า สปร
บนชั้น
  ขอยืม

รายการใกล้เคียง
    หัวเรื่อง [มะเร็ง การรักษา]

BibComment


ยังไม่เคยถูกคอมเมนท์

คอมเมนท์ทรัพยากรรายการนี้
  คอมเมนท์: แนวทางเวชปฏิบัติ..


 Copyright 2026. Bcnsprnw @Library